000 00485nam a2200193Ia 4500
005 20250326123547.0
008 250326s9999 xx 000 0 und d
037 _aTextbook
040 _aFMSL
_beng
_cFMSL
041 _aeng
_2eng
084 _aB3 L1
_qFMSL
100 _aBeckenbach E F
245 0 _aInequalities
_cBeckenbach E F; Bellman R
250 _a3
260 _aNY
_bNY, Springer
_c1971
300 _a198p
942 _cTB
_hB3 L1
999 _c1269919
_d1269919